000 00620nam a22001817a 4500
003 UA-OsUOA
001 15867
007 ta
008 20031210b un ||||| |||| 00| 0 ukr d
100 _aКохан В.
942 _cSA
040 _aUA-OsUOA
_cUA-OsUOA
_dUA-OsUOA
245 _aЗапорука добробуту - зростання економіки
_bПро соц.-екон. становище обл. за січ.-верес. 2003 р.]
300 _aС.2
955 _a0
773 0 _w0
_tВісті Рівненщини
_dРівне
_d2003
_g№91/31 жовт./
650 7 _aКраєзнавча робота
_2UDC
999 _c302032
_d302032